| 000 | 00713cab a2200205 4500 | ||
|---|---|---|---|
| 001 | X84876 | ||
| 008 | 090401t1997 xxu||||| |||| 00| 0 eng d | ||
| 035 | _a(Sirsi) u79287 | ||
| 041 | _aeng | ||
| 245 | _aBarber v Minister of Environment & Scarborough Property Holdings Limited | ||
| 260 | _c1997 | ||
| 350 | _a0 | ||
| 490 |
_aNew Property Cases _v1997 NPC 103 |
||
| 520 | _aPrivy Council 9 June 1997. Planning law - Bermuda - Minister `shall have regard to` relevant provisions pf development plan. | ||
| 650 | _aBARBER V MINISTER OF ENVIRONMENT & SCARBOROUGH PROPERTY HOLDINGS LIMIT | ||
| 650 | _aDEVELOPMENT PLANS | ||
| 690 | _aPLANNING LAW AND PRACTICE-CASE LAW | ||
| 942 | _n0 | ||
| 948 | _c27/06/1997 | ||
| 999 |
_c49848 _d49848 |
||